| 000 | 00580nam a2200217 a 4500 | ||
|---|---|---|---|
| 001 | 3487 | ||
| 003 | CDMR | ||
| 005 | 20131129130607.0 | ||
| 008 | 130130s1972||||||||||||||||||||||||||||d | ||
| 040 |
_aCDMR _bcat _cCDMR |
||
| 100 | 1 |
_aDorfles, Gillo _92192 |
|
| 245 | 1 | 0 |
_aSímbolo, comunicación y consumo _cGillo Dorfles |
| 260 |
_aBarcelona _c1972 _bLumen |
||
| 300 | _a260 p. | ||
| 490 | 0 |
_aEdiciones de Bolsillo _v225 |
|
| 490 | 0 | _aArte. Ensayo | |
| 650 | 0 | 4 |
_93211 _aComunicació i cultura |
| 650 | 0 | 4 |
_94376 _aSímbols |
| 650 | 0 | 4 |
_93737 _aComunicació visual |
| 942 |
_cMON _2udc |
||
| 999 |
_c3487 _d3487 |
||